000
00426nam a2200157Ia 4500
008
100122s9999 xx 000 0 und d
082
_b
25658
_a
823
100
_a
शंकर
245
_a
जन-अरण्य
260
_b
अमेय प्रकाशन
_c
1977
300
_a
226
630
_a
जन-अरण्य
700
_a
शहाणे अशोक
730
_a
जन-अरण्य
942
_c
BOOK
999
_c
412363
_d
412360